| 000 | 00692cam a22002291 4500 | ||
|---|---|---|---|
| 001 | med47000734 | ||
| 003 | DLC | ||
| 005 | 20260227111600.0 | ||
| 008 | 810815s1944 xx af 000 0 spa | ||
| 010 | _amed47000734 | ||
| 035 | _a(OCoLC)14747431 | ||
| 040 |
_aDLC _cDNLM _dDLC |
||
| 042 | _apremarc | ||
| 050 | 0 | 0 |
_aRL281 _b.H4 |
| 060 | 0 |
_aWC 570 _bH565z 1944 |
|
| 100 | 2 | _aHerrera Ramos, Fernando. | |
| 245 | 1 | 0 |
_aZona y varicela (sus relaciones, algunos de sus problemas) _cMonografía por Fernando Herrera Ramos ... |
| 260 |
_aMontevideo, _bImprenta "Rosgal," _c1944. |
||
| 300 |
_a73, [1] p. _bill., plates. |
||
| 500 | _aSummary in English. | ||
| 504 | _a"Bibliografía": p. 63-67. | ||
| 999 |
_c38160 _d38160 |
||